<?xml version="1.0" encoding="UTF-8"?>
<record
    xmlns:xsi="http://www.w3.org/2001/XMLSchema-instance"
    xsi:schemaLocation="http://www.loc.gov/MARC21/slim http://www.loc.gov/standards/marcxml/schema/MARC21slim.xsd"
    xmlns="http://www.loc.gov/MARC21/slim">

  <leader>00750nam a2200253 a 4500</leader>
  <controlfield tag="001">11439</controlfield>
  <controlfield tag="003">BD-RjUL</controlfield>
  <controlfield tag="005">20211208235127.0</controlfield>
  <controlfield tag="008">140126r19761975ii            001 0 eng d</controlfield>
  <datafield tag="035" ind1=" " ind2=" ">
    <subfield code="a">(BD-RjUL)11488</subfield>
  </datafield>
  <datafield tag="035" ind1=" " ind2=" ">
    <subfield code="a">(OCoLC)582432</subfield>
  </datafield>
  <datafield tag="040" ind1=" " ind2=" ">
    <subfield code="a">DLC</subfield>
    <subfield code="c">OKentU</subfield>
    <subfield code="d">OCoLC</subfield>
    <subfield code="d">OCoLC</subfield>
    <subfield code="d">Uk</subfield>
    <subfield code="d">BD-RjUL</subfield>
    <subfield code="b">eng</subfield>
  </datafield>
  <datafield tag="041" ind1=" " ind2=" ">
    <subfield code="a">eng</subfield>
  </datafield>
  <datafield tag="082" ind1="0" ind2="4">
    <subfield code="2">23</subfield>
    <subfield code="a">555.4</subfield>
    <subfield code="b">WAG 1976</subfield>
  </datafield>
  <datafield tag="100" ind1="1" ind2=" ">
    <subfield code="a">Wadia, D. N.</subfield>
    <subfield code="q">(Darashaw Nosherwan),</subfield>
    <subfield code="d">1883-1969.</subfield>
    <subfield code="9">35363</subfield>
  </datafield>
  <datafield tag="245" ind1="1" ind2="0">
    <subfield code="a">Geology of India /</subfield>
    <subfield code="c">By Wadia, D. N.</subfield>
  </datafield>
  <datafield tag="250" ind1=" " ind2=" ">
    <subfield code="a">4th ed.</subfield>
  </datafield>
  <datafield tag="260" ind1=" " ind2=" ">
    <subfield code="a">New Delhi :</subfield>
    <subfield code="b">Tata McGraw-Hill ,</subfield>
    <subfield code="c">c1975 [Reprinted 1976, 1978]</subfield>
  </datafield>
  <datafield tag="300" ind1=" " ind2=" ">
    <subfield code="a">xx, 508 p.:</subfield>
    <subfield code="b">illus., ;</subfield>
    <subfield code="c">23 cm.</subfield>
  </datafield>
  <datafield tag="504" ind1=" " ind2=" ">
    <subfield code="a">Includes Index</subfield>
  </datafield>
  <datafield tag="650" ind1=" " ind2="0">
    <subfield code="a">Geology</subfield>
    <subfield code="z">India.</subfield>
    <subfield code="9">35364</subfield>
  </datafield>
  <datafield tag="942" ind1=" " ind2=" ">
    <subfield code="2">ddc</subfield>
    <subfield code="c">BK</subfield>
  </datafield>
  <datafield tag="999" ind1=" " ind2=" ">
    <subfield code="c">11439</subfield>
    <subfield code="d">11439</subfield>
  </datafield>
  <datafield tag="952" ind1=" " ind2=" ">
    <subfield code="0">0</subfield>
    <subfield code="1">0</subfield>
    <subfield code="2">ddc</subfield>
    <subfield code="4">0</subfield>
    <subfield code="7">0</subfield>
    <subfield code="8">NFIC</subfield>
    <subfield code="a">RUCL</subfield>
    <subfield code="b">RUCL</subfield>
    <subfield code="c">Stack</subfield>
    <subfield code="d">1980-04-07</subfield>
    <subfield code="e">K.P Bagchi Cal </subfield>
    <subfield code="g">81.00</subfield>
    <subfield code="l">0</subfield>
    <subfield code="o">555.4 WAG 1976</subfield>
    <subfield code="r">2014-01-26 00:00:00</subfield>
    <subfield code="t">C-4</subfield>
    <subfield code="w">2021-12-08</subfield>
    <subfield code="y">BK</subfield>
  </datafield>
  <datafield tag="952" ind1=" " ind2=" ">
    <subfield code="0">0</subfield>
    <subfield code="1">0</subfield>
    <subfield code="2">ddc</subfield>
    <subfield code="4">0</subfield>
    <subfield code="7">1</subfield>
    <subfield code="8">NFIC</subfield>
    <subfield code="a">RUCL</subfield>
    <subfield code="b">RUCL</subfield>
    <subfield code="c">Reading</subfield>
    <subfield code="d">1982-06-16</subfield>
    <subfield code="e">Aligorh Library, Rajshahi</subfield>
    <subfield code="g">81.00</subfield>
    <subfield code="l">0</subfield>
    <subfield code="o">555.4 WAG 1978</subfield>
    <subfield code="r">2017-05-17 00:00:00</subfield>
    <subfield code="t">C-1</subfield>
    <subfield code="w">2021-12-08</subfield>
    <subfield code="y">BK</subfield>
  </datafield>
  <datafield tag="952" ind1=" " ind2=" ">
    <subfield code="0">0</subfield>
    <subfield code="1">0</subfield>
    <subfield code="2">ddc</subfield>
    <subfield code="4">0</subfield>
    <subfield code="7">0</subfield>
    <subfield code="8">NFIC</subfield>
    <subfield code="a">RUCL</subfield>
    <subfield code="b">RUCL</subfield>
    <subfield code="c">Reading</subfield>
    <subfield code="d">1982-06-16</subfield>
    <subfield code="e">Aligorh Library, Rajshahi</subfield>
    <subfield code="g">81.00</subfield>
    <subfield code="l">0</subfield>
    <subfield code="o">555.4 WAG 1978</subfield>
    <subfield code="r">2017-05-17 00:00:00</subfield>
    <subfield code="t">C-2</subfield>
    <subfield code="w">2017-05-17</subfield>
    <subfield code="y">BK</subfield>
  </datafield>
  <datafield tag="952" ind1=" " ind2=" ">
    <subfield code="0">0</subfield>
    <subfield code="1">0</subfield>
    <subfield code="2">ddc</subfield>
    <subfield code="4">0</subfield>
    <subfield code="7">0</subfield>
    <subfield code="8">NFIC</subfield>
    <subfield code="a">RUCL</subfield>
    <subfield code="b">RUCL</subfield>
    <subfield code="c">Reading</subfield>
    <subfield code="d">1982-06-16</subfield>
    <subfield code="e">Aligorh Library, Rajshahi</subfield>
    <subfield code="g">81.00</subfield>
    <subfield code="l">0</subfield>
    <subfield code="o">555.4 WAG 1978</subfield>
    <subfield code="r">2017-05-17 00:00:00</subfield>
    <subfield code="t">C-3</subfield>
    <subfield code="w">2017-05-17</subfield>
    <subfield code="y">BK</subfield>
  </datafield>
  <datafield tag="952" ind1=" " ind2=" ">
    <subfield code="0">0</subfield>
    <subfield code="1">0</subfield>
    <subfield code="2">ddc</subfield>
    <subfield code="4">0</subfield>
    <subfield code="7">0</subfield>
    <subfield code="8">NFIC</subfield>
    <subfield code="a">RUCL</subfield>
    <subfield code="b">RUCL</subfield>
    <subfield code="c">Reading</subfield>
    <subfield code="d">1982-06-16</subfield>
    <subfield code="e">Aligorh Library, Rajshahi</subfield>
    <subfield code="g">81.00</subfield>
    <subfield code="l">0</subfield>
    <subfield code="o">555.4 WAG 1978</subfield>
    <subfield code="r">2017-05-17 00:00:00</subfield>
    <subfield code="t">C-5</subfield>
    <subfield code="w">2017-05-17</subfield>
    <subfield code="y">BK</subfield>
  </datafield>
  <datafield tag="952" ind1=" " ind2=" ">
    <subfield code="0">0</subfield>
    <subfield code="1">0</subfield>
    <subfield code="2">ddc</subfield>
    <subfield code="4">0</subfield>
    <subfield code="7">0</subfield>
    <subfield code="8">NFIC</subfield>
    <subfield code="a">RUCL</subfield>
    <subfield code="b">RUCL</subfield>
    <subfield code="c">Reading</subfield>
    <subfield code="d">1982-06-16</subfield>
    <subfield code="e">Aligorh Library, Rajshahi</subfield>
    <subfield code="g">81.00</subfield>
    <subfield code="l">0</subfield>
    <subfield code="o">555.4 WAG 1978</subfield>
    <subfield code="r">2017-05-17 00:00:00</subfield>
    <subfield code="t">C-6</subfield>
    <subfield code="w">2017-05-17</subfield>
    <subfield code="y">BK</subfield>
  </datafield>
  <datafield tag="952" ind1=" " ind2=" ">
    <subfield code="0">0</subfield>
    <subfield code="1">0</subfield>
    <subfield code="2">ddc</subfield>
    <subfield code="4">0</subfield>
    <subfield code="7">0</subfield>
    <subfield code="8">NFIC</subfield>
    <subfield code="a">RUCL</subfield>
    <subfield code="b">RUCL</subfield>
    <subfield code="c">Stack</subfield>
    <subfield code="d">1982-06-16</subfield>
    <subfield code="e">Aligarh Libraty Rajshahi</subfield>
    <subfield code="g">81.00</subfield>
    <subfield code="l">0</subfield>
    <subfield code="o">555.4 WAG 1976</subfield>
    <subfield code="r">2018-12-09 00:00:00</subfield>
    <subfield code="t">C-7</subfield>
    <subfield code="w">2018-12-09</subfield>
    <subfield code="y">BK</subfield>
  </datafield>
  <datafield tag="952" ind1=" " ind2=" ">
    <subfield code="0">0</subfield>
    <subfield code="1">0</subfield>
    <subfield code="2">ddc</subfield>
    <subfield code="4">0</subfield>
    <subfield code="7">0</subfield>
    <subfield code="8">NFIC</subfield>
    <subfield code="a">RUCL</subfield>
    <subfield code="b">RUCL</subfield>
    <subfield code="c">Stack</subfield>
    <subfield code="d">1982-06-16</subfield>
    <subfield code="e">Aligarh Libraty Rajshahi</subfield>
    <subfield code="g">81.00</subfield>
    <subfield code="l">0</subfield>
    <subfield code="o">555.4 WAG 1976</subfield>
    <subfield code="r">2018-12-11 00:00:00</subfield>
    <subfield code="t">C-8</subfield>
    <subfield code="w">2018-12-11</subfield>
    <subfield code="y">BK</subfield>
  </datafield>
  <datafield tag="952" ind1=" " ind2=" ">
    <subfield code="0">0</subfield>
    <subfield code="1">0</subfield>
    <subfield code="2">ddc</subfield>
    <subfield code="4">0</subfield>
    <subfield code="7">0</subfield>
    <subfield code="8">NFIC</subfield>
    <subfield code="a">RUCL</subfield>
    <subfield code="b">RUCL</subfield>
    <subfield code="c">Stack</subfield>
    <subfield code="d">1982-06-16</subfield>
    <subfield code="e">Aligarh Libraty Rajshahi</subfield>
    <subfield code="g">81.00</subfield>
    <subfield code="l">0</subfield>
    <subfield code="o">555.4 WAG 1976</subfield>
    <subfield code="r">2018-12-11 00:00:00</subfield>
    <subfield code="t">C-9</subfield>
    <subfield code="w">2021-12-08</subfield>
    <subfield code="y">BK</subfield>
  </datafield>
  <datafield tag="952" ind1=" " ind2=" ">
    <subfield code="0">0</subfield>
    <subfield code="1">0</subfield>
    <subfield code="2">ddc</subfield>
    <subfield code="4">0</subfield>
    <subfield code="7">0</subfield>
    <subfield code="8">NFIC</subfield>
    <subfield code="a">RUCL</subfield>
    <subfield code="b">RUCL</subfield>
    <subfield code="c">Stack</subfield>
    <subfield code="d">1982-06-16</subfield>
    <subfield code="e">Aligarh Libraty Rajshahi</subfield>
    <subfield code="g">81.00</subfield>
    <subfield code="l">0</subfield>
    <subfield code="o">555.4 WAG 1976</subfield>
    <subfield code="r">2018-12-11 00:00:00</subfield>
    <subfield code="t">C-10</subfield>
    <subfield code="w">2018-12-11</subfield>
    <subfield code="y">BK</subfield>
  </datafield>
  <datafield tag="952" ind1=" " ind2=" ">
    <subfield code="0">0</subfield>
    <subfield code="1">0</subfield>
    <subfield code="2">ddc</subfield>
    <subfield code="4">0</subfield>
    <subfield code="7">0</subfield>
    <subfield code="8">NFIC</subfield>
    <subfield code="a">RUCL</subfield>
    <subfield code="b">RUCL</subfield>
    <subfield code="c">Stack</subfield>
    <subfield code="d">1982-06-16</subfield>
    <subfield code="e">Aligarh Libraty Rajshahi</subfield>
    <subfield code="g">81.00</subfield>
    <subfield code="l">0</subfield>
    <subfield code="o">555.4 WAG 1976</subfield>
    <subfield code="r">2018-12-24 00:00:00</subfield>
    <subfield code="t">C-11</subfield>
    <subfield code="w">2018-12-24</subfield>
    <subfield code="y">BK</subfield>
  </datafield>
  <datafield tag="952" ind1=" " ind2=" ">
    <subfield code="0">0</subfield>
    <subfield code="1">0</subfield>
    <subfield code="2">ddc</subfield>
    <subfield code="4">0</subfield>
    <subfield code="7">0</subfield>
    <subfield code="8">NFIC</subfield>
    <subfield code="a">RUCL</subfield>
    <subfield code="b">RUCL</subfield>
    <subfield code="c">Stack</subfield>
    <subfield code="d">1982-06-16</subfield>
    <subfield code="e">Aligarh library,Rajshahi</subfield>
    <subfield code="g">81.00</subfield>
    <subfield code="l">0</subfield>
    <subfield code="o">555.4 WAG 1978</subfield>
    <subfield code="r">2019-01-05 00:00:00</subfield>
    <subfield code="t">C-12</subfield>
    <subfield code="w">2019-01-05</subfield>
    <subfield code="y">BK</subfield>
  </datafield>
  <datafield tag="952" ind1=" " ind2=" ">
    <subfield code="0">0</subfield>
    <subfield code="1">0</subfield>
    <subfield code="2">ddc</subfield>
    <subfield code="4">0</subfield>
    <subfield code="7">0</subfield>
    <subfield code="8">NFIC</subfield>
    <subfield code="a">RUCL</subfield>
    <subfield code="b">RUCL</subfield>
    <subfield code="c">Stack</subfield>
    <subfield code="d">1980-04-07</subfield>
    <subfield code="e">K.P. Bagchi &amp; co. cal.</subfield>
    <subfield code="g">81.00</subfield>
    <subfield code="l">0</subfield>
    <subfield code="o">555.4 WAG 1976</subfield>
    <subfield code="r">2019-01-29 00:00:00</subfield>
    <subfield code="t">C-13</subfield>
    <subfield code="w">2019-01-29</subfield>
    <subfield code="y">BK</subfield>
  </datafield>
  <datafield tag="952" ind1=" " ind2=" ">
    <subfield code="0">0</subfield>
    <subfield code="1">0</subfield>
    <subfield code="2">ddc</subfield>
    <subfield code="4">0</subfield>
    <subfield code="7">0</subfield>
    <subfield code="8">NFIC</subfield>
    <subfield code="a">RUCL</subfield>
    <subfield code="b">RUCL</subfield>
    <subfield code="c">Stack</subfield>
    <subfield code="d">1980-04-07</subfield>
    <subfield code="e">K.P. Bagchi &amp; co.</subfield>
    <subfield code="g">18.00</subfield>
    <subfield code="l">0</subfield>
    <subfield code="o">555.4 WAG 1975</subfield>
    <subfield code="r">2019-02-04 00:00:00</subfield>
    <subfield code="t">C-14</subfield>
    <subfield code="w">2019-02-04</subfield>
    <subfield code="y">BK</subfield>
  </datafield>
</record>
